01225cam a2200289 a 450000100100000000500170001000800410002702000160006804000360008408200170012010000280013724500630016526000290022830000210025749000320027850400340031065000550034465000610039983000410046091000330050191000070053404900090054195201200055095201250067095201250079599900150092000000603220200929151908.0750331s1973 sp 000 0 spa d z84325004742 aDO-SdBNPcNBuUdOCoLCdTxUdDLC a860.9bA729q1 aArmiño, Mauro,91331410aQué es verdaderamente el Siglo de Oro /cMauro Armiño. aMadrid :bDoncel,c1973. a317 p. ;c18 cm.1 aQué es verdaderamentev22 aBibliografía: p. [310]-317. 4aLiteratura españolayHISTORIA Y CRÍTICA917010 4aLiteratura hispanoamericanayHISTORIA Y CRÍTICA917011 0aQué es verdaderamente ;v22917012 aCatalogación derivada / LC aWM aBNGR 001054708MOaGRbGRcHDd2009-08-25iLF1l0o860.9 A729qp6032-10r2020-06-25w2020-06-25y4ZPréstamo en sala 001053728MOaGRbGRcHDd2009-08-25iLF1l0o860.9 A729qp6032-20r2020-06-25te.2w2020-06-25y4ZPréstamo en sala 001054708MOaGRbGRcHDd2009-08-25iLF1l0o860.9 A729qp6032-30r2020-06-25te.3w2020-06-25y4ZPréstamo en sala c5828d5828